书目信息 |
| 题名: |
百年孤独
|
|
| 作者: | 马尔克斯 著 ;高长荣 译 | |
| 分册: | ||
| 出版信息: | 北京 北京十月文艺出版社 1984.09 |
|
| 页数: | 395页 | |
| 开本: | 21cm | |
| 丛书名: | ||
| 单 册: | ||
| 中图分类: | I775.45 | |
| 科图分类: | ||
| 主题词: | 小说--哥伦比亚--现代 | |
| 电子资源: | ||
| ISBN: | 7-5302-0204-9 | |
| 000 | 00647nam0 2200205 45 | |
| 001 | 0301012383 | |
| 005 | 20041207103454.8 | |
| 010 | @a7-5302-0204-9@dCNY8.90 | |
| 100 | @a20030101d1984 km y0chiy0120 ea | |
| 101 | 0 | @achi@ceng |
| 105 | @a z 000ay | |
| 200 | 1 | @a百年孤独@ABai Nian Gu Du@f(哥伦比亚)加·加西亚·马尔克斯著@F(Ge Lun BiYa)Jia·Jia Xi Ya·Ma Er Ke Si Zhu@g高长荣译 |
| 210 | @a北京@c北京十月文艺出版社@d1984.09 | |
| 215 | @a395页@d21cm | |
| 606 | 0 | @a小说@y哥伦比亚@z现代 |
| 690 | @aI775.45@v3 | |
| 701 | 0 | @a马尔克斯@4著 |
| 702 | 0 | @a高长荣@AGao Chang Rong@4译 |
| 801 | @aCN@bPftUser@c20030101 | |
| 905 | @dI775.45@e28@f1@b258544 | |
| 百年孤独/(哥伦比亚)加·加西亚·马尔克斯著/高长荣译.-北京:北京十月文艺出版社,1984.09 |
| 395页;21cm |
| ISBN 7-5302-0204-9:CNY8.90 |
| ● |
| 相关链接 |
|
|
|
|
正题名:百年孤独
索取号:I775.45/28
 
预约/预借
| 序号 | 登录号 | 条形码 | 馆藏地/架位号 | 状态 | 备注 |
| 1 | 0258542 | 000791762 | 第一样本阅览室/ [索取号:I775.45/28] | 在馆 | |
| 2 | 0258544 | 001649880 | 第二借阅区/ [索取号:I775.45/28] | 在馆 | |
| 3 | 0258545 | 000169436 | 第二借阅区/ [索取号:I775.45/28] | 在馆 | |
| 4 | 0258546 | 000169329 | 第二借阅区/ [索取号:I775.45/28] | 在馆 | |
| 5 | 0258547 | 001586778 | 第二借阅区/ [索取号:I775.45/28] | 在馆 | |
| 6 | 0258548 | 000169310 | 第二借阅区/ [索取号:I775.45/28] | 在馆 | |
| 7 | 0258549 | 001505133 | 第二借阅区/ [索取号:I775.45/28] | 在馆 | |
| 8 | 0258550 | 000169392 | 第二借阅区/ [索取号:I775.45/28] | 在馆 |